MDQL
is popping MORE tags! Check the
thread
!
Quizzes
Events
Quiz Creation
Community
Videos
Private Events
Remove Ads
Sign In
Join for FREE
Feedback
Dark Mode
Quiz Categories
Sports
Geography
Music
Movies
Television
Just For Fun
Miscellaneous
History
Literature
Language
Science
Gaming
Entertainment
Religion
Holiday
For Kids
Quiz Lab
Recent
Popular Today
Quiz Kudos Today
Editor Picks
Curator Picks
Quizzes by...
Day
Popularity
Type
Ratings
Length
Year
Community
Subscriptions
Recent Discussions
Orange Saloon
Badges
Playlists
Quests
Create
Leaderboards
Showdown
Live 5
Trivia Bingo
Activity
Puzzle Library
Sporcle Events
Private Events
Virtual Trivia
Globe League
Become a Host
Pub Owners
SporcleCon
Opinionation
Our Games
Videos
Blog
Mobile Apps
Partnerships
Remove Ads and Go Orange
Feedback
Music
Pop Music
The Beatles
Song
Album
Lyrics
Bands
Singers
Artist
Clip
Rock
Rap
Classical
Billboard
Country Music
Kpop
Taylor Swift
Music
Pop Music
The Beatles
Song
Album
Lyrics
Bands
Singers
Artist
Clip
Rock
Rap
Classical
Billboard
Country Music
Kpop
Taylor Swift
Random Quiz
Search Sporcle
×
Quiz Lab
Quiz Lab
Music
Somebody
Type in answers that appear in a list
Type in answers that appear in a list
Classic
Best Score? Go Orange.
Can you guess the lyrics of Somebody to you? Stats
Can you name the Can you guess the lyrics of Somebody to you?
By
NutyLoveyou
10m
196 Questions
35 Plays
35 Plays
35 Plays
Comments
Comments
Give Quiz Kudos
Give Quiz Kudos
-
- Ratings
hide this ad
Replay
Link that replays current quiz
Next Quiz
Link to next quiz in quiz playlist
You Got
0%
They Got
Avg Score
63%
Avg Friend Score
Upgrade to see
Score Distribution
Jump to the score distribution portion of the page
Score
0/196
Timer
10:00
0
Plays Today
Hint
Answer
% Correct
a
97.1%
and
97.1%
the
97.1%
a
97.1%
a
97.1%
a
97.1%
i know there are more lyrics,but it is pointless to write them...
97.1%
i
91.4%
to
91.4%
i
91.4%
to
91.4%
i
91.4%
to
91.4%
i
91.4%
i
91.4%
i
91.4%
to
91.4%
i
91.4%
i
91.4%
to
91.4%
i
91.4%
i
91.4%
i
91.4%
i
91.4%
to
91.4%
i
91.4%
to
91.4%
i
91.4%
i
91.4%
i
91.4%
i
91.4%
i
91.4%
to
91.4%
to
91.4%
be
88.6%
be
88.6%
be
88.6%
be
88.6%
be
88.6%
be
88.6%
be
88.6%
be
88.6%
be
88.6%
you
85.7%
you
85.7%
you
85.7%
you
85.7%
you
85.7%
you
85.7%
you
85.7%
you
85.7%
wanna
82.9%
me
82.9%
so
82.9%
me
82.9%
me
82.9%
wanna
82.9%
wanna
82.9%
wanna
82.9%
wanna
82.9%
wanna
82.9%
wanna
82.9%
wanna
82.9%
me
82.9%
somebody
80%
somebody
80%
Hint
Answer
% Correct
yeah
77.1%
yeah
77.1%
yeah
77.1%
yeah
77.1%
yeah
77.1%
yeah
77.1%
yeah
77.1%
yeah
77.1%
yeah
77.1%
yeah
77.1%
yeah
77.1%
now
74.3%
now
74.3%
now!
74.3%
is
74.3%
is
74.3%
is
74.3%
now
74.3%
ever
71.4%
ever
71.4%
ever
71.4%
ever
71.4%
used
68.6%
time
68.6%
used
68.6%
time
68.6%
used
68.6%
like
65.7%
but
65.7%
all
65.7%
all
65.7%
all
65.7%
all
65.7%
but
65.7%
all
65.7%
all
65.7%
but
65.7%
but
65.7%
my
62.9%
my
62.9%
my
62.9%
of
62.9%
look
62.9%
at
62.9%
of
62.9%
every
62.9%
look
62.9%
at
62.9%
just
62.9%
don't
62.9%
can
62.9%
living
60%
spend
60%
off
60%
can't
60%
only
57.1%
never
57.1%
i'm
57.1%
this
57.1%
this
57.1%
falling
54.3%
way
51.4%
get
51.4%
even
51.4%
oh
51.4%
oh
51.4%
Hint
Answer
% Correct
oh
51.4%
care
51.4%
way
51.4%
mind
48.6%
eye
48.6%
talk
48.6%
billionaire
48.6%
there's
45.7%
thinking
45.7%
tough
45.7%
really
45.7%
then
45.7%
caught
45.7%
still
45.7%
stuttering
45.7%
your
45.7%
your
45.7%
your
45.7%
enough
42.9%
'cause
42.9%
that
42.9%
that
42.9%
gave
40%
Giving
40%
shaking
40%
see
40%
feeling
37.1%
keeps
37.1%
everybody's
37.1%
day
37.1%
face
37.1%
bout
34.3%
around
34.3%
than
34.3%
than
34.3%
settle
31.4%
each
31.4%
for
31.4%
i've
31.4%
got
31.4%
need
31.4%
more
31.4%
need
31.4%
lips
31.4%
more
31.4%
strike
28.6%
down
28.6%
looking
28.6%
baby
28.6%
know
28.6%
nothing
28.6%
ground
25.7%
mine
25.7%
wake
25.7%
photograph
25.7%
tryna
20%
mattered
20%
(Yeah you!)
(Yeah you!)
17.1%
lighting
17.1%
ride
17.1%
didn't
17.1%
(Yeah you!)
(yeah you!)
17.1%
(Yeah you!)
(yeah you!)
17.1%
sombody
8.6%
Quiz Playlist
Details
Report
Send in Message
Add To Playlist
Classic:
Type in answers that appear in a list
Last Updated: Feb 16, 2017
Quiz Scoreboard
CHALLENGE
Sign Up to Join the Scoreboard
Show All
Scores
Hide
Comments
May contain spoilers
Recently Published
Colored Red Africa Blitz
by spor1
Geography
30s
Find the 'City' Movie
by crazypaving
Movies
60s
5x2 Blitz: Bands
by SL_Kpop136
Music
30s
More to Explore
Quiz From the Vault
Featured Blog Post
14 Easter Pick-up Lines to Find Eggs With
hide this ad
You Might Also Like...
Tags
Somebody
Today's Top Quizzes in Music
Browse Music
hide this ad
Top Contributed Quizzes in Music
1
5X2 Blitz: Bands II
2
Taylor Swift Logic Puzzle II
3
Taylor Swift All Songs (2024)
4
5X2 Blitz: The Beatles
5
5X2 Blitz: Billboard
6
5X2 Blitz: Singers
7
5X2 Blitz: Album
8
5X2 Blitz: Rock
9
Music Artist by Three 2010s hits
10
5X2 Blitz: Billboard II
Explore More
Trending Topics
Harry Potter
NBA
Kpop
Anime
Disney
Crossword
Marvel
Puzzle
NFL
Pokémon
Song
The Office
Country
WWE
Soccer
hide this ad
More By:
NutyLoveyou
Quiz
Plays
Rating
Category
Featured
Created
Can you guess the lyrics of Somebody to you?
35
Music
Oct 22, 2014
Go to Creator's Profile
Score Distribution
Quiz Creator Spotlight
NutyLoveyou
Follow
Send a Message
Quizzes Created
-
Created Quiz Play Count
-
More By This Creator
Popular Quizzes Today
1
Find the 'City' Movie
2
5x2 Blitz: Bands
3
Colored Red Africa Blitz
4
Find the US States - No Outlines Minefield
5
The Countries of the World
6
Find the US States
7
9x9 Crossword: Cartoon Network
8
US States
More Music Quizzes
2010s Album by Cover
Published
Trending Quizzes
Colored Red Europe Blitz I
Colored Red Africa Blitz II
Colored Red Europe Blitz III
Colored Red Europe Blitz II
Colored Red Africa Blitz III
Recently Updated
Champions League XIs: Real Madrid
pecheneg
Largest US Cities 1790-2010
pecheneg
Rides in Walt Disney World
pecheneg
Most Oscar Losses (Acting)
pecheneg
Beyoncé Albums
pecheneg
Leaping Animals
pecheneg
Reality TV Shows (A-Z)
bhenderson79
Rickey Henderson's Hall of Fame Teammates
pecheneg
Champions League XIs: Arsenal
pecheneg
Quick Pick: Celebrities in WWE's Hall of Fame
aduchscher
Trending Topics
NBA
Kpop
Anime
Disney
Harry Potter
Crossword
Marvel
Pokémon
Puzzle
WWE
Song
NFL
Country
Soccer
The Office
Your Account Isn't Verified!
In order to create a playlist on Sporcle, you need to verify the email address you used during registration. Go to your
Sporcle Settings
to finish the process.
Report this User
Report this user for behavior that violates our
Community Guidelines
.
Details:
Send Report
Go to the Sporcle.com Mobile Site →
Comments